NEXCOの展開するブランド商業施設が入ったSA,PA - Statistics

General Stats
  • This quiz has been taken 30 times
  • The average score is 14 of 31
Answer Stats
ブランド名 自動車道 回答 % Correct
EXPASA 東名高速道路 海老名SA
100%
EXPASA 中央自動車道 談合坂SA
77%
EXPASA 東名高速道路 足柄SA
69%
NEOPASA 新東名高速道路 駿河湾沼津SA
69%
NEOPASA 新東名高速道路 静岡SA
65%
Pasar 東北自動車道 羽生PA
62%
EXPASA 名神高速道路 多賀SA
62%
NEOPASA 新東名高速道路 浜松SA
62%
Pasar 常磐自動車道 守谷SA
58%
Pasar 関越自動車道 三芳PA
54%
EXPASA 東名阪自動車道 御在所SA
54%
NEOPASA 新東名高速道路 岡崎SA
54%
EXPASA 東名高速道路 富士川SA
50%
Pasar 東北自動車道 蓮田SA
50%
ドラマチックエリア 東北自動車道 佐野SA
50%
NEOPASA 新東名高速道路 清水PA
46%
Pasar 京葉道路 幕張PA
46%
ドラマチックエリア 上信越自動車道 横川SA
38%
ドラマチックエリア 関越自動車道 赤城高原SA
38%
ドラマチックエリア 関越自動車道 上里SA
38%
ドラマチックエリア 東北自動車道 那須高原SA
35%
PAVARIE 名神高速道路 大津SA
35%
ドラマチックエリア 館山自動車道 市原SA
31%
ドラマチックエリア 常磐自動車道 友部SA
27%
ドラマチックエリア 長野自動車道 姨捨SA
23%
PAVARIE 山陽自動車道 福山SA
23%
ドラマチックエリア 東北自動車道 国見SA
19%
ドラマチックエリア 東北自動車道 菅生PA
15%
ドラマチックエリア 磐梯自動車道 磐梯山SA
15%
PAVARIE 大分自動車道 山田SA
8%
ドラマチックエリア 道央自動車道 輪厚PA
4%
No matching quizzes found
Score Distribution
Percent of People with Each Score
Percentile by Number Answered
Your Score History
You have not taken this quiz